[Event "Elgoibar 08th"]
[Site "Elgoibar"]
[Date "1998.11.27"]
[Round "7"]
[White "Georgiev, Vladimir"]
[Black "Vallejo Pons, Francisco"]
[Result "1-0"]
[WhiteElo "2540"]
[BlackElo "2450"]
[Annotator "Tyomkin,D"]
[PlyCount "69"]
[EventDate "1998.11.11"]
[EventType "tourn"]
[EventRounds "9"]
[EventCountry "ESP"]
[EventCategory "10"]
[SourceTitle "CBM 069"]
[Source "ChessBase"]
[SourceDate "1999.04.01"]
[SourceVersion "1"]
[SourceVersionDate "1999.04.01"]
[SourceQuality "1"]

1. d4 f5 2. Nc3 d5 3. Bf4 c6 4. e3 Nf6 5. Bd3 e6 6. Nf3 Be7 7. O-O O-O 8. Ne2
Ne4 9. c4 (9. Ne5 Nd7 10. c4 g5 11. Nxd7 Bxd7 12. Be5 Be8 13. f4 h6 14. Nc3 Nf6
$14 {1/2-1/2 Dziuba,M-Vallejo Pons,F/Oropesa del Mar ESP 1998 (34)}) 9... Bd7
$6 {planning Be8,Nd7. In my opinion this plan is too unnatural,black's
queenside becomes vulnerable.} (9... Nd7 $142 $5 10. Ne5 Bf6 (10... g5 11. Nxd7
Bxd7 12. Be5 Be8 13. Qc2 Bg6 14. c5 Nf6 15. b4 a6 16. a4 Nd7 17. f4 Bh5 18. Nc3
Nxe5 19. fxe5 Rf7 20. b5 $14 {1/2-1/2 Milov,V-Bhend,E/Zurich ,EXT 1993 (48)})
11. Qc2 g5 12. Nxd7 Bxd7 13. Be5 g4 14. Kh1 $6 Bxe5 15. dxe5 Qc7 16. cxd5 exd5
17. f4 gxf3 18. gxf3 Qxe5 $1 {1/2-1/2 Izeta,F-Ochoa de Echaguen,F/Grand
Canaria 1993 (32)}) 10. Qb3 (10. Qc2 Be8 11. Ne5 g5 12. Bg3 Nd7 13. Nxd7 Qxd7
14. Be5 Bg6 15. c5 Nf6 16. f3 Qd8 17. b4 Nd7 18. Bg3 Rc8 19. Rab1 a6 20. a4 Rf7
21. Rb3 Qf8 22. Qd2 {1/2-1/2 Mellano,S-Fraschini,M/Buenos Aires PRENAJ ,EXT
1994 (22)}) 10... b6 $146 (10... Qb6 11. Qxb6 (11. Qc2 $142 $5) 11... axb6 12.
Bc7 Bd8 13. Bxd8 Rxd8 14. Bxe4 dxe4 15. Ne5 Be8 16. Nc3 Nd7 17. Nxd7 Bxd7 $11 {
0-1 Ishbulatov,S-Boe,M/FSIM B July, Budapest HUN 1998 (46)}) 11. Rfc1 g5 12.
Bg3 Nxg3 13. hxg3 Be8 14. Rc2 Nd7 15. cxd5 cxd5 16. Rac1 $16 {[%cal Gd3a6,
Yc2c6] White has complete control over c-file and threatens Ba6.} a6 {Black
refuted white's threat,but pawns on 6th rank became weeker.} 17. a4 Bf7 18. Rc6
Qb8 19. Qc2 h6 {[%tqu "En","How can white break black's position?","","",
"d3f5","",10]} 20. Bxf5 $1 {[%mdl 64]} (20. Rc7 Be8) 20... exf5 21. Qxf5 Be8
22. Qxd5+ Kg7 23. Qe6 Bf6 24. e4 {[%cal Ge4e5] Here black didn't use his last
chance.} Nc5 $2 (24... Kh8 $142 25. e5 Bg7 26. Qh3 {[%cal Rf3g5,Rc6h6]} Kg8 27.
Rxh6 Bxh6 28. Qxh6 Qd8 29. Nxg5 (29. e6 Qf6) 29... Qe7 30. Rc7 $18 {[%cal
Re5e6] White has 5 pawns for the rook,and strong attack with all pieces.} (30.
Qe6+ Qxe6 31. Nxe6 Rf7 32. Nc7 Rc8 33. e6 Re7 34. exd7 Bxd7 $1 (34... Rxd7 35.
Nxe8 $18)) (30. Nf4 Rf5 31. Nge6 $18 {[%cal Rf4d5]})) 25. dxc5 Bxc6 26. Qxc6
bxc5 27. Rxc5 Qxb2 28. e5 $1 {White begins decisive attack.} Be7 (28... Qxe2
29. exf6+ Kg8 30. Qb7 $18) 29. Rc2 Qa1+ 30. Rc1 Qa3 31. Ned4 Rac8 {[%tqu "En",
"Find the decisive solution.","","","d4f5","",10]} 32. Nf5+ $1 {[%mdl 64]} Kf7
33. Qd5+ Kg6 34. Qe6+ Rf6 35. Nxe7+ 1-0

[Event "NED-ch53"]
[Site "Rotterdam"]
[Date "1998.06.21"]
[Round "1"]
[White "Ernst, Sipke"]
[Black "Reinderman, Dimitri"]
[Result "1-0"]
[WhiteElo "2300"]
[BlackElo "2480"]
[Annotator "Tyomkin,D"]
[PlyCount "89"]
[EventDate "1998.06.21"]
[EventType "tourn"]
[EventRounds "11"]
[EventCountry "NED"]
[EventCategory "12"]
[SourceTitle "CBM 066"]
[Source "ChessBase"]
[SourceDate "1998.09.30"]
[SourceVersion "1"]
[SourceVersionDate "1998.09.30"]
[SourceQuality "1"]

1. Nf3 d6 2. d4 f5 3. Nc3 Nf6 4. Bg5 d5 5. e3 (5. Bxf6 exf6 6. e3 c6 7. h4 h5
8. Bd3 Bd6 9. Ne2 {[%cal Gc2c3,Yd1c2]} Be6 10. c3 Nd7 (10... g6) 11. Qc2 (11.
Nf4 $5 Bxf4 12. exf4 $14) 11... g6 12. g3 (12. c4 $5) 12... Bf7 13. c4 {
[%cal Gc4c5]} (13. a3 $6 {Bacrot,E-Borges Mateos,J/Capablanca mem Elite 1998/1/
2-1/2(42)}) 13... dxc4 (13... Bb4+ $140 14. Kf1 {[%cal Gf1g2]}) 14. Bxc4 Nb6
15. Bxf7+ Kxf7 16. Kf1 $14 {[%cal Gf1g2]}) (5. Ne5 e6 6. g4 Be7 7. gxf5 exf5 8.
e3 c6 9. Bh3 Be6 10. Ne2 Ne4 11. Bxe7 Qxe7 12. Nf4 O-O 13. Rg1 Nd7 14. Nfd3
Ndf6 15. Qe2 a5 16. f3 Nd6 17. O-O-O $14 {Krasenkow,M-Agrest,E/St.Petersburg
op 1994/1-0 (79)}) 5... c6 (5... e6 6. Ne5 Be7 7. Be2 Nbd7 8. f4 Nxe5 9. fxe5
Ng8 10. Bxe7 Qxe7 {Gross,G-Buecker,S/GER-ch qual Nord 1990/1-0(40)}) 6. Bd3 e6
7. Ne5 Be7 8. O-O (8. g4 $5 fxg4 9. h3 $36) 8... O-O 9. f4 c5 10. b3 Nbd7 11.
Ne2 Nxe5 12. fxe5 Ne8 13. Bxe7 Qxe7 14. c4 Nc7 15. Nf4 dxc4 16. Bxc4 Rd8 17.
Qd2 b6 $6 (17... b5 18. Be2 Bb7 19. Rac1 cxd4 20. exd4 a6 21. Bf3 Bxf3 22. Rxf3
Nd5 $11) 18. Rfd1 cxd4 19. exd4 Bb7 20. Qf2 $14 Nd5 21. Bxd5 Bxd5 22. Rac1 Rd7
23. Rc3 $1 {moving rook to attack via 3rd rank.} Rad8 24. Rg3 Kf8 25. Rh3 g6 $2
{completely weekens kingside} (25... Kg8 26. Nh5 Qe8 $1 (26... Qg5 27. Nf6+ $1)
) 26. Qe3 {[%cal Rf4g6]} Qf7 27. Rh6 $6 (27. Rg3 $1 {[%csl Rg6][%cal Gh2h4,
Gh4h5]} Ke7 28. h4 $40) 27... Qg7 28. Rh3 Rc7 29. Rf1 Rc2 30. Rg3 {Finally
white found the right plan.With h2-h4-h5 white destroys black's kingside.} Qf7
31. h4 Be4 $2 {But it looks like black is defenceless already.} (31... Rxa2 32.
h5 Ke8 (32... gxh5 33. Nxd5 Rxd5 34. Qh6+ $18) 33. hxg6 hxg6 34. Nxd5 Rxd5 35.
Qh6 Rxd4 36. Rxg6 $18) (31... Ke7 32. Rc1 $1 (32. h5 Rg8 33. Nxd5+ exd5 34.
Qg5+ Ke6) 32... Be4 33. Rxc2 Bxc2 34. h5 gxh5 35. d5 $1 exd5 36. Qc3 $18) {
[%tqu "En","","","","e3e4","",10]} 32. Qxe4 fxe4 33. Nxe6+ Ke7 34. Rxf7+ Kxe6
35. Rxh7 Rxd4 36. Rxg6+ Kxe5 37. Rg8 $1 $18 {In this position I didn't find
any defensive chance for black.} Rxa2 38. Re7+ Kf4 39. h5 Rd1+ 40. Kh2 Rd5 41.
Rf7+ Ke3 42. Rg3+ Ke2 43. h6 Rh5+ 44. Rh3 Raa5 (44... Rxh3+ 45. Kxh3 Ra1 46.
Kh2 Rc1 47. h7 Rc8 48. g4 $18) 45. g4 1-0

[Event "NED-ch53"]
[Site "Rotterdam"]
[Date "1998.06.27"]
[Round "6"]
[White "Sokolov, Ivan"]
[Black "Nikolic, Predrag"]
[Result "1/2-1/2"]
[WhiteElo "2625"]
[BlackElo "2635"]
[Annotator "Tyomkin,D"]
[PlyCount "44"]
[EventDate "1998.06.21"]
[EventType "tourn"]
[EventRounds "11"]
[EventCountry "NED"]
[EventCategory "12"]
[SourceTitle "CBM 066"]
[Source "ChessBase"]
[SourceDate "1998.09.30"]
[SourceVersion "1"]
[SourceVersionDate "1998.09.30"]
[SourceQuality "1"]

1. d4 f5 2. Nc3 d5 3. Bg5 c6 4. e3 Qb6 5. Rb1 Nd7 6. Bd3 g6 7. h4 (7. Nh3 e5 8.
Bxf5 Bg7 9. Bd3 (9. Bxd7+ Bxd7 10. dxe5 Bxh3 11. gxh3 Bxe5) 9... exd4 10. exd4
Bxd4 11. O-O $16 {Loeffler,S-Videki,S/Kecskemet Szechenyi-B 1991/1/2-1/2(53)})
(7. f4 Ngf6 8. Nf3 Ne4 9. Bxe4 dxe4 10. Nd2 Qa6 11. g4 e6 $13 {Crouch,
C-Galdunts,S/Krumbach op 1991/1/2-1/2 (62)}) (7. Nf3 Bg7 8. Ne2 Ngf6 9. O-O Ne4
10. c4 h6 11. Bh4 Ndf6 12. Bxf6 Nxf6 13. Ne5 g5 14. Ng3 e6 15. cxd5 cxd5 16.
Nh5 O-O 17. Nxg7 Kxg7 18. Qa4 Rd8 19. Rfc1 Bd7 20. Qa3 $16 {Dokhoian,Y-Kishnev,
S/Copenhagen op 1991/1-0(26)}) 7... Bg7 $146 (7... Ndf6 8. Bf4 Ne4 9. h5 g5 10.
Be5 Ngf6 11. Nge2 Rg8 12. f3 $16 {Hoang Than Trang-Galyas,M/Budapest FS10 IM-A
1994/1-0(38)}) 8. h5 h6 9. Bf4 g5 10. Bh2 e5 $1 {Great play!Actually desides
all opening problems for black.} (10... e6 11. g4 $1 (11. Nf3 $6 Ngf6 12. Ne5
Ne4) 11... Ndf6 12. f3 $14 (12. Be5 $5)) 11. Bxf5 exd4 12. exd4 Ne7 (12... Bxd4
13. Bg6+ Kd8 14. Qd2 $16) 13. Qe2 (13. Bxd7+ Bxd7 14. Nge2 (14. Nce2 Bg4) (14.
Nf3 $6 Bg4 15. Be5 Bxe5 16. dxe5 Rf8) (14. Be5 Bxe5 15. dxe5 Qc7) 14... Nf5 (
14... Bg4 15. Bd6 $1 (15. Be5 Bxe5 16. dxe5 O-O-O 17. f3 (17. Qd4 Qxd4 18. Nxd4
Rhe8 19. f3 Bd7 20. Kf2 Nf5) 17... d4 18. Ne4 Qa5+ 19. Qd2 Qxe5) 15... Qd8 (
15... Nf5 16. Bc5 {[%cal Gf2f3]}) 16. Bc5 (16. Ba3 {[%cal Gf2f3]})) (14...
O-O-O) 15. Be5 Bxe5 16. dxe5 Qc7) 13... Qxd4 $6 (13... Bxd4 $1 14. Nd1 (14.
Bxd7+ Bxd7 15. Be5 Bxe5 16. Qxe5 O-O-O $15 17. Nf3 Rhe8 18. O-O Bg4 $15) 14...
Kd8 $1 15. Bxd7 Bxd7 $15) 14. Nf3 Qf6 15. Be6 (15. Bxd7+ Bxd7 16. Be5 Qf7 17.
Bxg7 Qxg7 18. Ne5 Bf5 $15) 15... Nb6 16. Bxc8 Rxc8 17. O-O O-O 18. Ne5 (18. Be5
$5 Qf7 $142 (18... Qe6 19. Rbe1 Nf5 20. Qd3 $1 (20. Bxg7 Qxe2 21. Rxe2 Nxg7 22.
Re7 Rf7 23. Rxf7 Kxf7 $15 {[%csl Rc3]}) 20... Bxe5 21. Rxe5 Qf6 22. Rfe1 $16)
19. Bxg7 Qxg7 20. Qe6+ Kh7 21. Rbe1 Rce8 22. Ne5 Rf6 23. Qh3 $13) 18... Rce8
19. Rbe1 Nf5 (19... d4 $6 20. Ne4 Qe6 21. Ng4 {[%cal Re4f6]} Ned5 22. Qd1 {
[%cal Ge4d6,Ge4f6]} Ne3 (22... Qd7 23. Nc5 $36) 23. Nef6+ $1) 20. Qg4 Nh4 21.
Nd1 Qe6 22. Qb4 Qc8 1/2-1/2

[Event "RUS-chT 05th"]
[Site "Maikop"]
[Date "1998.06.12"]
[Round "10"]
[White "Dyachkov, Sergej"]
[Black "Ulybin, Mikhail"]
[Result "0-1"]
[WhiteElo "2510"]
[BlackElo "2575"]
[Annotator "Tyomkin,D"]
[PlyCount "90"]
[EventDate "1998.06.03"]
[EventType "team-tourn"]
[EventRounds "11"]
[EventCountry "RUS"]
[SourceTitle "CBM 066"]
[Source "ChessBase"]
[SourceDate "1998.09.30"]
[SourceVersion "1"]
[SourceVersionDate "1998.09.30"]
[SourceQuality "1"]
[WhiteTeam "Saratov GShK"]
[BlackTeam "Ekaterinburg Agat"]
[WhiteTeamCountry "RUS"]
[BlackTeamCountry "RUS"]

1. d4 e6 2. Nf3 f5 3. Bf4 Nf6 4. e3 b6 5. Bd3 Bb7 6. Nbd2 Be7 7. h3 O-O 8. c3
Be4 $5 $146 (8... Ne4 9. Qc2 (9. Qe2 d6 10. O-O-O Nd7 11. Rhg1 Ndf6 12. g4 $14
{Popov,N-Makarichev,S/URS-ch otbor 1976/0-1(30)}) (9. O-O d6 10. Qc2 Nxd2 11.
Nxd2 Nd7 12. Bh2 Kh8 13. e4 f4 $132 {Sapis,W-Huzman,A/Lvov 1988/1/2-1/2(33)})
9... d5 $6 10. Ne5 Nxd2 11. Qxd2 Nd7 12. O-O-O Nxe5 13. Bxe5 Bd6 14. f4 c5 15.
g4 $16 {Serebrjanik,A-Elbilia,J/Tel Aviv-B 1992/1-0(28)}) 9. Bxe4 (9. Be2 $5
Bb7) 9... Nxe4 10. Nxe4 fxe4 11. Nd2 d5 12. O-O (12. c4 Nd7 $1 {[%cal Gc7c5]} (
12... c5 13. dxc5 bxc5 14. O-O {-13.dc5})) 12... c5 13. f3 (13. dxc5 bxc5 14.
c4 Qb6 (14... Bf6 15. Qc2 $14) 15. Rb1 (15. cxd5 exd5 16. Nxe4 $2 dxe4 17. Qd5+
Kh8 18. Qxa8 Nc6 $19) (15. Qc2 Nc6 16. a3 Nd4 $1) 15... Nc6 16. a3 Rad8 $15)
13... exf3 14. Qxf3 Nc6 (14... g5 $2 15. Qg4 $16) 15. Qg3 Qd7 16. Nf3 Rf5 17.
dxc5 $6 (17. Ne5 Nxe5 18. Bxe5 Rg5 19. Qe1 Rf5 $11) 17... bxc5 18. e4 $6 (18.
Rf2 Raf8 19. Raf1 $11) 18... dxe4 19. Nd2 Raf8 20. Nxe4 Qd5 21. Qe3 (21. Bh6
Rxf1+ 22. Rxf1 Rxf1+ 23. Kxf1 g6 $17) {[%tqu "En","","","","c6d4","",10]} 21...
Nd4 $1 22. Rad1 $2 (22. Ng3 $142 g5 (22... Rxf4 23. Rxf4 Nc2 24. Rxf8+ Bxf8 25.
Qc1 Nxa1 26. Qxa1 Qe5 27. Nf1 Qe2 $15) 23. Bc7 (23. cxd4 Rxf4 $17) 23... Rxf1+
24. Rxf1 Rxf1+ 25. Nxf1 Nf5 (25... Nb5 26. Bg3 Qxa2 27. Qe5 $132 {[%cal Ge5b8,
Yf1e3,Ye3g4]}) 26. Qe5 Qxa2 $17) 22... Rxf4 $1 23. Rxf4 Rxf4 24. Rxd4 cxd4 25.
Qxf4 Qxa2 $17 {/-+} 26. Qc7 Bf8 {[%cal Ra2b1]} 27. Nd6 (27. Ng5 Qb1+ 28. Kh2
Qf5 $17) 27... Qb1+ 28. Kh2 Qf1 {[%cal Rf1f4]} 29. Ne4 dxc3 30. Nxc3 Qf2 31.
Qe5 Qf5 32. Qxf5 $6 (32. Qb8 a5 $17) 32... exf5 33. Nb5 Bc5 34. Kg3 a6 35. Nc3
Bd4 36. Nd5 (36. Kf4 Bxc3 37. bxc3 a5 38. Ke3 Kf7 39. Kd4 Ke6 40. Kc5 a4 41.
Kb4 Kd5 $19) 36... Bxb2 37. Ne7+ Kf7 38. Nxf5 a5 39. Ne3 a4 40. Nc2 Ke7 41. Kf3
Kd6 42. Ke4 Kc5 43. Kd3 a3 44. Nxa3 Bxa3 45. Ke4 Kd6 0-1

[Event "Elgoibar 08th"]
[Site "Elgoibar"]
[Date "1998.11.24"]
[Round "4"]
[White "Gomez Esteban, Juan Mario"]
[Black "Fernandes, Antonio ETG"]
[Result "1-0"]
[WhiteElo "2475"]
[BlackElo "2480"]
[Annotator "Tyomkin,D"]
[PlyCount "58"]
[EventDate "1998.11.11"]
[EventType "tourn"]
[EventRounds "9"]
[EventCountry "ESP"]
[EventCategory "10"]
[SourceTitle "CBM 069"]
[Source "ChessBase"]
[SourceDate "1999.04.01"]
[SourceVersion "1"]
[SourceVersionDate "1999.04.01"]
[SourceQuality "1"]

{[%mdl 32]} 1. d4 f5 2. Bg5 g6 3. Nd2 Bg7 4. e3 Nf6 (4... Nh6 $146 {[%cal
Gh6f7,Gd7d5] Tyomkin,D} 5. Bc4 (5. e4 $5 Nf7 6. Be3 fxe4 7. Nxe4 d5 8. Ng5 Nxg5
9. Bxg5 $13) 5... d5 6. Bb3 Nf7 7. Bh4 c5 8. c3 g5 9. Bg3 O-O 10. Ne2 Nc6 11.
h4 h6 12. hxg5 hxg5 13. Nf3 cxd4 14. cxd4 e6 15. Nc1 $1 $16 {[%csl Ge5,Gf4]
[%cal Gc1d3] Arencibia,W-De la Riva,O/Santa Clara 1998/CBM 66/[Tyomkin,D]/1-0
(52)}) 5. Bd3 (5. c3 {Tyomkin,D} Nc6 $5 $146 {[%cal Ge7e5]} 6. Bb5 $5 (6. Bc4
e5 $13) (6. Ngf3 d6 7. Bc4 $14 {-6...d6}) 6... O-O 7. Ngf3 d6 8. Qa4 $5 {
with idea to change black square B and to push d4-d5 after the next black's
move} (8. Qe2 {[%cal Ge1g1,Ge3e4] was normal way to finish development}) 8...
Bd7 9. Bxf6 Bxf6 10. d5 $14 {Tsamriuk,A-Kobalija,M/Krasnodar 1997/CBM 59/
[Tyomkin,D]/0-1(39)}) 5... O-O 6. c3 b6 $146 {Double fiancetto with f7-f5
looks too original!} (6... d6 7. Ngf3 Nc6 8. e4 fxe4 9. Nxe4 {Ostermeyer,
P-Borngaesser,R/Solingen 1986/TD/1/2-1/2(26)}) 7. Qe2 c5 8. O-O-O {The
castling to the kingside should also bring advantage for white.} (8. Nh3 $5 Bb7
9. O-O $14 {[%cal Gf2f3,Ye3e4,Yh3f4]} ({or} 9. f3)) 8... Bb7 9. f3 Qc8 10. Kb1
Ba6 11. h4 Bxd3+ 12. Qxd3 Qa6 13. Qc2 $1 $16 {The right strategy.White's
attack in the middlegame is much faster.} cxd4 14. exd4 Nd5 {14...Nc6 was
looking more natural.After that move white can choose between active 15.h5 and
15.Nh3 continuing with Nf4 and h5.} 15. h5 Nc6 16. hxg6 hxg6 17. Nh3 Rac8 18.
Qb3 {[%cal Rh3f4]} e6 19. Nf4 Na5 (19... Nxf4 20. Bxf4 b5 21. d5 Na5 22. Qa3
$16 {[%cal Rd2b3]}) 20. Qa3 Qb5 21. Nxd5 Qxd5 22. Bh6 d6 23. Bxg7 Kxg7 24. Nb3
Nc6 $4 {[%mdl 8192]} (24... Rh8 25. Nxa5 bxa5 26. Qa4 {[%cal Ra4d7]} (26. Rxh8
Rxh8 (26... Kxh8 27. Qa4 Rc6 (27... Rd8 28. c4 $18 {[%csl Ra5]}) 28. Re1 $5 {
[%cal Re1e6]}) 27. Qa4 $16) 26... Rhd8 $8 27. Rh3 {[%cal Rd1h1]} Rc4 28. Qc2
$16 {Weeknesses of black king and pawn structure gives white a big advantage.})
{[%tqu "En","","","","a3a6","",10]} 25. Qa6 $1 {[%cal Rc3c4,Ra6b7] White
threarens to catch a queen by c4,and another threat is Qb7 with mating attack.
Black is defenseless.} f4 (25... Rc7 26. c4 $18) 26. Qb7+ Kf6 27. Rh7 Rce8 28.
Qg7+ Kg5 29. Rdh1 {[%cal Rh1h5]} Qf5+ 1-0

[Event "Tan Chin Nam Cup 4th"]
[Site "Beijing"]
[Date "1998.06.16"]
[Round "9"]
[White "Liang, Chong"]
[Black "Zhang, Zhong"]
[Result "0-1"]
[WhiteElo "2405"]
[BlackElo "2530"]
[Annotator "Tyomkin,D"]
[PlyCount "82"]
[EventDate "1998.06.08"]
[EventType "tourn"]
[EventRounds "11"]
[EventCountry "CHN"]
[EventCategory "12"]
[SourceTitle "CBM 066"]
[Source "ChessBase"]
[SourceDate "1998.09.30"]
[SourceVersion "1"]
[SourceVersionDate "1998.09.30"]
[SourceQuality "1"]

1. d4 {Hansen,Cu} f5 2. Nc3 Nf6 3. Bg5 d5 4. Bxf6 exf6 5. e3 {Hansen: Experts
on the dutch opening seem to try to avoid this position. In "the dutch for the
tournament player" by Steffen Pedersen the author mentions this line but does
not analyse it. The same is the case in the older book "Winning with the
Dutch" by Robbert Bellin. In the german book "Holländische Verteidigung" G.
Nesis comes to the conclusion that white has some positional advantage. GM
Larry Christiansen in his book about the dutch defence (the german translation)
writes about (2.Sc3 d5 3.Lg5) 3..Sf6: Dieser Zug führt zu einer wenig
begeisternden Stellung. Probably there are more books about the dutch, but the
stale pawn-structure seems not to be popular with players who go for this
dynamic opening.} Be6 6. Bd3 Nc6 {Hansen: Now this move is very-modern - in a
way linked to opening-lines such as 1.d4 Sf6 2.c4 Sc6!? or 1.d4 d5 2.c4 Sc6. 
The classical setup would be to overprotect the d5-P with c7-c6 and then to
develop something like Nb8-d7, Bf8-d6, Qd8-e7 and long/short castle. The
textmove first of alle wants to harress the white Bd3 with Na6-b4. And if this
is not possible black continues his development with Qd8-d7 and 0-0-0. In this
way he gains to tempi. First of all he does not "waste time" on c7-c6.
Secondly he forces white to waste a move on a2-a3.} 7. Qf3 Qd7 8. a3 O-O-O 9.
O-O-O (9. Nge2 g6 10. h3 (10. O-O-O h5 11. h4 Kb8 12. Kb1 Ne7 13. Nc1 Nc8 14.
Nb3 b6 15. Rc1 Bf7 16. Rhd1 c6 17. Na2 Nd6 18. Nd2 Nc4 $11 {Kosten,A-De la
Riva,O/San Sebastian op 1995/1/2-1/2(60)}) 10... h5 11. O-O-O Ne7 12. Kb1 Kb8
13. Nc1 Nc8 14. Nb3 b6 15. Rhe1 Re8 16. Ba6 h4 17. Qe2 Rh7 18. Qd3 Rhe7 19. Na2
Nd6 20. Nb4 c6 21. f3 Bf7 22. Qc3 Kc7 23. a4 Bh6 $15 {Gurevich,M-Topalov,V/
Groningen PCA 1993/0-1 (75)}) (9. h4 g5 $6 10. g3 Kb8 11. Nge2 Ne7 12. O-O-O
Nc8 13. Qg2 c6 14. Ng1 Bd6 15. hxg5 fxg5 16. Nf3 Qg7 17. Rh5 h6 18. Rdh1 Bf7
19. R5h2 Ne7 20. Ne5 h5 21. f4 Rdg8 22. Ne2 $14 {Apicella,M-Vallejo Pons,F/
Zaragoza op-A 1995/1-0 (47)}) 9... Kb8 $146 (9... f4 $5 10. h3 (10. Qxf4 g5 11.
Qxf6 Be7 12. Qh6 Bf8 13. Qf6 (13. Qxg5 Rg8 14. Qh4 Be7 15. Qh6 Bg5) 13... Be7
$11) 10... fxe3 11. Qxe3 Na5 12. Nge2 Bf5 13. Ng3 Bxd3 14. Qxd3 g6 15. Qb5 Qxb5
16. Nxb5 c6 $15 {Laflair,R-Ochoa de Echaguen,F/New York op 1992/1/2-1/2 (44)})
10. Nge2 {Hansen: Whites P-stucture is better than blacks, who however has the
B-pair. The usual attemps to get some advantage on the kingside by h2-h4-h5 or
h2-h3 and g2-g4 do not look impressing as blacks K already is in a very safe
position} g6 {Hansen: Bolstering the f5-P} 11. Nf4 Bf7 12. h3 {[%cal Gg2g4]} (
12. h4 {Hansen,Cu} h5 {and white would have gained a tempo compared to the game
}) 12... h5 (12... g5 $2 13. Nh5 $16 {[%cal Gh5g3]}) 13. h4 Ne7 {Hansen: Black
does not want to keep his N on c6 forever. He only placed it there because it
made quick development possible. However it now becomes clear that a2-a3
actually has weakened whites K-position somewhat. In case of Ne7-c8-b6-c4 the
white a-P would have been better placed on a2.} 14. Kb1 Nc8 15. Qg3 Bh6 16. f3
Qd6 17. Nb5 Qb6 18. Rhe1 (18. Qf2 $142 {Hansen,Cu In the game whites Q gets
into a slightly nasty pin in the /^b8-h2} a6 19. Nc3 Qd6 20. g3 $11) 18... a6
19. Nc3 Qd6 {Hansen: It seems to be even more difficult to do something for
white than for black. White would like to start some action on the K-side or
in the center, but it is very likely that he will just open the position for
the black ^^. Black can pretend than he will build up on the Q-side even
though it is not clear what he will do after having improved his N-position.}
20. Nce2 {Now white will be able to get his queen out of the pin but by moving
Nc3 to e2 blacks Nc8 is allowed to move to a4} Rhe8 21. Qf2 Nb6 22. g3 Na4 23.
Nc1 Qb6 24. Nb3 Re7 25. Ka2 Rde8 26. c3 $2 {[%csl Rc4] White plays very
passive and without any plan.This move weekens white squres around white king.
Black in close future will punish his opponent for careless play.} (26. Rc1
$142 {[%cal Gc2c4]}) 26... Qd6 $15 {[%cal Ga4b6,Gb6c4]} (26... c5 $6 {Hansen,Cu
} 27. dxc5 Nxc5 28. Nd4) 27. Bc2 Nb6 28. Nd2 (28. Nc5 Nc4 29. Rd3 g5 30. Ng2 f4
$36) 28... c5 29. dxc5 Qxc5 30. Nb3 Qc7 31. Nd4 Nc4 {Hansen: So black decided
to accept the isolated d-P to get the N to the good square c4 and to begin
opening the position up for his Bs. However the most positive factor for black
in connection with the exchange d4xc5 is the fact that his pieces has gained
access to the square e5} 32. Rd3 Re5 (32... Ne5 $6 33. Rd2 Nc4 34. Rde2) 33.
Bb3 (33. b3 Nd6 34. Red1 Qe7 35. Ng2 (35. Re1 g5 36. Ng2 f4 $17) 35... Bxe3 36.
Nxe3 Rxe3 37. Rxe3 Qxe3 38. Qxe3 Rxe3 39. Rd3 Re1 40. Rd1 Rxd1 41. Bxd1 g5 42.
f4 Ne4 $17) 33... g5 $1 {That's the time to play actively. Hansen: Black
accepts to weaken f5 as well, but now he will get a very dynamic and active
position. The pressure in the e-<-> makes it impossible for white to get active
} 34. Ng2 f4 $1 $17 35. gxf4 gxf4 36. e4 (36. exf4 Rxe1 37. Nxe1 Bxf4 $17)
36... dxe4 37. fxe4 Rxe4 38. Rxe4 Rxe4 39. Nf5 Bf8 $2 $138 (39... Ne5 $1 {
was winning on force.} 40. Rd2 (40. Rd4 Bxb3+ 41. Kxb3 Qb6+ 42. Ka2 f3 43. Nge3
Bxe3 44. Nxe3 Rxd4 45. Nd5 Qe6 46. Qxd4 f2 $19) 40... f3 41. Nxh6 Bxb3+ 42.
Kxb3 Qc4+ 43. Kc2 Qa4+ 44. b3 (44. Kc1 Re2 $1 $19) (44. Kb1 fxg2 $19) 44...
Qxa3 45. Qb6 (45. Ne3 Qa2+ 46. Kc1 Nd3+ $19) 45... Qa2+ 46. Kc1 Nd3+ $1 47.
Rxd3 Qa1+ 48. Kc2 Re2+ $19) (39... Ne3 $5 40. Nd4 $1) 40. Rd4 $4 {The last
move in time-trouble!} (40. Qf3 Re5 41. Qxf4 Bxa3 $1 (41... Nxb2 $6 42. Kxb2
Bxb3 43. Kxb3 Rb5+ 44. Kc2 Qxf4 45. Nxf4 Rxf5 46. Rd8+ Ka7 47. Nxh5) 42. Rd4 (
42. bxa3 Qc5 $1 $19) 42... Qa5 $1 43. Kb1 (43. Bxc4 Bd6+ 44. Kb1 Re1+ $19)
43... Qb6 (43... Bxb2) 44. Ka2 (44. Kc2 Nd6 $1) 44... Nd6 $1 $19) 40... Bc5 $19
41. Qf3 Rxd4 (41... Rxd4 42. Nxd4 Bxd4 43. cxd4 Nd2 $19) 0-1